<?xml version="1.0" encoding="UTF-8"?>
<record
    xmlns:xsi="http://www.w3.org/2001/XMLSchema-instance"
    xsi:schemaLocation="http://www.loc.gov/MARC21/slim http://www.loc.gov/standards/marcxml/schema/MARC21slim.xsd"
    xmlns="http://www.loc.gov/MARC21/slim">

  <leader>01200nam a22002177a 4500</leader>
  <controlfield tag="003">OSt</controlfield>
  <controlfield tag="005">20230822144619.0</controlfield>
  <controlfield tag="008">230717b           ||||| |||| 00| 0 spa d</controlfield>
  <datafield tag="020" ind1=" " ind2=" ">
    <subfield code="a">9788401334061</subfield>
  </datafield>
  <datafield tag="040" ind1=" " ind2=" ">
    <subfield code="c">CO-MqBPB</subfield>
  </datafield>
  <datafield tag="082" ind1=" " ind2=" ">
    <subfield code="a">AN</subfield>
    <subfield code="b">VAZt</subfield>
  </datafield>
  <datafield tag="100" ind1=" " ind2=" ">
    <subfield code="a">V&#xE1;zquez Figueroa, Alberto/</subfield>
    <subfield code="d">1936-</subfield>
  </datafield>
  <datafield tag="245" ind1=" " ind2=" ">
    <subfield code="a"> Todos somos culpables / </subfield>
    <subfield code="c">Alberto V&#xE1;zquez Figueroa.</subfield>
  </datafield>
  <datafield tag="260" ind1=" " ind2=" ">
    <subfield code="a"> Barcelona:   </subfield>
    <subfield code="b">Plaza &amp; Jan&#xE9;s,</subfield>
    <subfield code="c">2001.</subfield>
  </datafield>
  <datafield tag="300" ind1=" " ind2=" ">
    <subfield code="a">301 p.:</subfield>
    <subfield code="b">Tapa Dura,</subfield>
    <subfield code="c">24 cm.</subfield>
  </datafield>
  <datafield tag="500" ind1=" " ind2=" ">
    <subfield code="a">Una amenaza de muerte, el robo de documentos y de un cuadro de incalculable valor, la muerte misteriosa de varios colaboradores, actos de sabotaje en varios proyectos en construcci&#xF3;n...
El propietario de la gran empresa multinacional que est&#xE1; sufriendo estos atentados tiene que averiguar a cualquier precio qui&#xE9;n est&#xE1;s detr&#xE1;s de ellos.
Pero descubrir al culpable no es lo mismo que descubrir al responsable &#xFA;ltimo de esta conspiraci&#xF3;n...
Y la investigaci&#xF3;n nos llevar&#xE1; a todos a replantearnos nuestra propia responsabilidad en el mundo actual, signado por la globalizaci&#xF3;n y el terrorismo.
</subfield>
  </datafield>
  <datafield tag="586" ind1=" " ind2=" ">
    <subfield code="a">Premio Nadal </subfield>
  </datafield>
  <datafield tag="651" ind1=" " ind2=" ">
    <subfield code="a">Novela espa&#xF1;ola</subfield>
  </datafield>
  <datafield tag="651" ind1=" " ind2=" ">
    <subfield code="a">Novela polic&#xED;aca </subfield>
  </datafield>
  <datafield tag="942" ind1=" " ind2=" ">
    <subfield code="2">ddc</subfield>
    <subfield code="c">BKLIT</subfield>
  </datafield>
  <datafield tag="999" ind1=" " ind2=" ">
    <subfield code="c">14942</subfield>
    <subfield code="d">14942</subfield>
  </datafield>
  <datafield tag="952" ind1=" " ind2=" ">
    <subfield code="0">0</subfield>
    <subfield code="1">0</subfield>
    <subfield code="2">ddc</subfield>
    <subfield code="4">0</subfield>
    <subfield code="7">0</subfield>
    <subfield code="8">LA</subfield>
    <subfield code="a">BPMOS</subfield>
    <subfield code="b">BPMOS</subfield>
    <subfield code="c">FIC</subfield>
    <subfield code="d">2023-07-17</subfield>
    <subfield code="e">Donaci&#xF3;n 2023</subfield>
    <subfield code="l">1</subfield>
    <subfield code="o">AN VAZt</subfield>
    <subfield code="p">MOS503214</subfield>
    <subfield code="r">2025-11-18</subfield>
    <subfield code="s">2025-11-13</subfield>
    <subfield code="t">Ej. 1</subfield>
    <subfield code="w">2023-07-17</subfield>
    <subfield code="y">BKLIT</subfield>
    <subfield code="z">Quince d&#xED;as</subfield>
  </datafield>
</record>
